000 01010nam a22001935i 4500
001 157150
003 ES-MaACL
005 20250822231020.0
008 040810s1853 sp |||| | spa d
040 _aCAM
_bspa
_cCAM
100 1 _aLarrea, José María de.
_9128705
245 1 4 _aLas tres noblezas
_b: comedia en tres actos /
_coriginal de José María de Larrea y Luis Mariano de Larra.
260 _aMadrid :
_b[D.H.],
_c1853 (
_fImprenta de José María Repullés)
300 _a76 p. ;
_c18 cm.
500 _aEn port.: Representada en el teatro de Variedades; ... aprobada para su representación en los teatros del Reino, en 17 de agosto de 1853.
700 1 _aLarra y Wetoret, Luis Mariano de,
_d1830-1901
_970289
852 _aES-MaACL
_jF-8613(4)
_z-- Enc. pasta española
_z-- Sello de la Galería Dramática de Delgado Hermanos
_q-- Falto de la cub. original
_z-- Enc. en un vol. facticio formando parte de la col. facticia "Teatro español moderno", vol. 68
999 _c157150
_d157150